Spell the Marvel Hero #80 - Statistics

General Stats
  • This quiz has been taken 13 times
  • The average score is 8 of 9
Answer Stats
Picture Answer % Correct
Invisible Woman
100%
Maria Hill
100%
Okoye
100%
War Machine
100%
Jubilee
90%
Oya
90%
Yelena Belova
90%
Jimmy Woo
80%
Makkari
60%
No matching quizzes found
Score Distribution
Percent of People with Each Score
Percentile by Number Answered
Your Score History
You have not taken this quiz